| 000 | 00746cam a2200217 4500500 | ||
|---|---|---|---|
| 005 | 20260111080324.0 | ||
| 041 | _afre | ||
| 042 | _adc | ||
| 100 | 1 | 0 |
_aTanguy, François _eauthor |
| 245 | 0 | 0 | _aDu « décret GBCP » à Action publique 2022 : cinq ans de modernisation de la gestion budgétaire et comptable |
| 260 | _c2019. | ||
| 500 | _a15 | ||
| 690 | _achorus | ||
| 690 | _acomptabilité générale | ||
| 690 | _adécret GBCP | ||
| 690 | _afinances publiques | ||
| 690 | _agestion publique | ||
| 690 | _aLOLF | ||
| 786 | 0 | _nGestion & Finances Publiques | 2 | 2 | 2019-03-01 | p. 64-79 | 1969-1009 | |
| 856 | 4 | 1 | _uhttps://droit.cairn.info/revue-gestion-et-finances-publiques-2019-2-page-64?lang=fr&redirect-ssocas=7080 |
| 999 |
_c1616146 _d1616146 |
||